书目信息 |
| 题名: |
循环
|
|
| 作者: | 沃德 著 ;毛敏 译 | |
| 分册: | ||
| 出版信息: | 北京 中译出版社 2024 |
|
| 页数: | 322页 | |
| 开本: | 23cm | |
| 丛书名: | 独角兽 | |
| 单 册: | ||
| 中图分类: | TP18 | |
| 科图分类: | ||
| 主题词: | 人工智能--研究 | |
| 电子资源: | ||
| ISBN: | 978-7-5001-7685-5 | |
| 000 | 01443nam0 2200301 450 | |
| 001 | 01035423 | |
| 005 | 20240505203935.0 | |
| 010 | @a978-7-5001-7685-5@dCNY79.00 | |
| 100 | @a20240402d2024 em y0chiy0120 ea | |
| 101 | 1 | @achi@ceng |
| 102 | @aCN@b110000 | |
| 105 | @ay z 000yy | |
| 106 | @ar | |
| 200 | 1 | @a循环@9xun huan@eAI如何影响人类,人类如何应对AI@dThe loop@ehow technology is creating a world without choices and how to fight back@f(美)雅各布·沃德(Jacob Ward)著@g毛敏译@zeng |
| 210 | @a北京@c中译出版社@d2024 | |
| 215 | @a322页@d23cm | |
| 225 | @a独角兽 | |
| 300 | @a独角兽 | |
| 330 | @a本书提到三个循环:第一个循环也是最核心的循环,即世代沿袭的人类本能。第二个循环是来自现代的力量,如消费类技术、资本主义、营销和政治,它们对核心循环的人类行为进行采样,总结出模式,再将这些模式反作用于人类,最终引发了一系列问题。第三个循环,是来自人工智能的影响。AI对人类偏见进行采样,总结出规律,最后把这些规律反作用于人类,形成第三个循环。作者揭示了我们是如何将这些习惯融入决策技术中,这些决策如何影响我们,我们又该如何应对。 | |
| 510 | 1 | @aLoop@ehow technology is creating a world without choices and how to fight back@zeng |
| 517 | 1 | @aAI如何影响人类,人类如何应对AI@9AI ru he ying xiang ren lei,ren lei ru he ying dui AI |
| 586 | @a | |
| 606 | 0 | @a人工智能@x研究 |
| 690 | @aTP18@v5 | |
| 701 | 1 | @c(美)@a沃德@9wo de@g(Ward, Jacob)@4著 |
| 702 | 0 | @a毛敏@9mao min@4译 |
| 801 | 0 | @aCN@c20240505 |
| 905 | @dTP18@eW705-3@f1@sTP18/W705-3@S@Z | |
| 循环:AI如何影响人类,人类如何应对AI=The loop:how technology is creating a world without choices and how to fight back/(美)雅各布·沃德(Jacob Ward)著/毛敏译.-北京:中译出版社,2024 |
| 322页;23cm.-(独角兽) |
| 独角兽 |
| ISBN 978-7-5001-7685-5:CNY79.00 |
| 本书提到三个循环:第一个循环也是最核心的循环,即世代沿袭的人类本能。第二个循环是来自现代的力量,如消费类技术、资本主义、营销和政治,它们对核心循环的人类行为进行采样,总结出模式,再将这些模式反作用于人类,最终引发了一系列问题。第三个循环,是来自人工智能的影响。AI对人类偏见进行采样,总结出规律,最后把这些规律反作用于人类,形成第三个循环。作者揭示了我们是如何将这些习惯融入决策技术中,这些决策如何影响我们,我们又该如何应对。 |
| ● |
| 相关链接 |
|
|
|
正题名:循环
索取号:TP18/W705-3
 
预约/预借
| 序号 | 登录号 | 条形码 | 馆藏地/架位号 | 状态 | 备注 |
| 1 | 21618059 | 216180594 | 自科库301/301自科库 102排5列1层/ [索取号:TP18/W705-3] | 在馆 |